Statistics for 10 Countries With Longest Borders

Click here to take the quiz!

General Stats

  • This quiz has been taken 1,304 times
  • The average score is 9 of 10

Answer Stats

kmCountry% Correct
20,017Russia
100%
22,147China
99%
12,034United States
98%
8,893Canada
97%
14,691Brazil
95%
14,103India
93%
9,665Argentina
84%
12,012Kazakhstan
84%
10,730D.R. Congo
79%
8,220Mongolia
78%

Score Distribution

Percentile by Number Answered

Percent of People with Each Score

Your Score History

You have not taken this quiz